Taylor Swift mystery lyrics #76 - Statistics

General Stats
  • This quiz has been taken 81 times
  • The average score is 230 of 334
Answer Stats
Answer % Correct
I
100%
a
96%
the
96%
you
96%
You
96%
your
93%
Your
93%
and
89%
And
89%
me
88%
in
86%
on
86%
when
86%
who
86%
it
84%
It
84%
my
84%
to
84%
where
84%
is
82%
I'm
81%
of
81%
you're
81%
be
77%
hear
77%
So
77%
they
77%
what
77%
am
75%
not
75%
say
75%
were
75%
Don't
72%
don't
72%
she
72%
She
72%
that
72%
was
72%
all
70%
are
70%
I'll
70%
now
70%
said
70%
But
68%
but
68%
her
68%
know
68%
like
68%
girl
67%
kind
67%
see
67%
at
65%
or
65%
should
65%
with
65%
away
63%
by
63%
from
63%
out
61%
Speak
61%
back
60%
boy
60%
eyes
60%
run
60%
This
60%
would
60%
up
58%
meet
56%
thought
56%
only
54%
stand
54%
wearin'
54%
wrong
54%
yes
54%
you'll
54%
hands
53%
time
53%
wait
53%
door
51%
everyone
51%
forever
51%
hold
51%
looking
51%
marrying
51%
room
51%
There's
51%
there's
51%
vow
51%
white
51%
bride
49%
church
49%
gown
49%
last
49%
looks
49%
need
49%
occasion
49%
pastry
49%
shaped
49%
single
49%
veil
49%
wish
49%
barging
47%
bridesmaid
47%
down
47%
Horrified
47%
rudely
47%
family
46%
peace
46%
yelling
46%
dressed
44%
preacher
44%
chance
42%
didn't
42%
friends
42%
little
42%
lovely
42%
myself
42%
pastel
42%
running
42%
shaky
42%
daydream
40%
Let's
40%
lose
40%
around
39%
Baby
39%
pageant
39%
queen
39%
seems
39%
silence
39%
surely
39%
uninvited
39%
aisle
37%
floats
37%
glad
37%
snotty
37%
curtains
35%
hiding
35%
sneak
35%
somewhere
35%
starts
33%
gestures
32%
inside
32%
organ
32%
song
32%
vows
32%
death
30%
exchanged
30%
march
30%
play
30%
sounds
30%
tux
30%
Fond
25%
No matching quizzes found
Score Distribution
Percent of People with Each Score
Percentile by Number Answered
Your Score History
You have not taken this quiz